Arquitectura virreinal de Lima en la primera mitad del siglo XVII / (Registro nro. 53469)

Detalles MARC
000 -LEADER
campo de control de longitud fija 03866cam a22006014i 4500
003 - IDENTIFICADOR DE NÚMERO DE CONTROL
campo de control PE-LiUPU
005 - FECHA Y HORA DE LA ÚLTIMA TRANSACCIÓN
campo de control 20250731183432.0
008 - DATOS DE LONGITUD FIJA--INFORMACIÓN GENERAL
campo de control de longitud fija 140625k20032008pe i g 001 0 spa d
020 ## - NÚMERO INTERNACIONAL ESTÁNDAR DEL LIBRO
Número Internacional Estándar del Libro 9972794075 (tomo 1)
020 ## - NÚMERO INTERNACIONAL ESTÁNDAR DEL LIBRO
Número Internacional Estándar del Libro 9972794105 (tomo 2)
020 ## - NÚMERO INTERNACIONAL ESTÁNDAR DEL LIBRO
Número Internacional Estándar del Libro 9789972794131 (tomo 3)
020 ## - NÚMERO INTERNACIONAL ESTÁNDAR DEL LIBRO
Número Internacional Estándar del Libro 9789972794148 (tomo 4)
035 ## - NÚMERO DE CONTROL DEL SISTEMA
Número de control de sistema (Sirsi) i9789972794070
035 ## - NÚMERO DE CONTROL DEL SISTEMA
Número de control de sistema (Sirsi) 47110
040 ## - FUENTE DE CATALOGACIÓN
Centro catalogador/agencia de origen PE-LiUPU
Lengua de catalogación spa
Centro/agencia transcriptor PE-LiUPU
Normas de descripción rda
041 ## - CÓDIGO DE IDIOMA
Código de lengua del texto/banda sonora o título independiente spa
044 ## - CÓDIGO DEL PAÍS DE LA ENTIDAD EDITORA/PRODUCTORA
Código MARC del país pe
082 04 - NÚMERO DE LA CLASIFICACIÓN DECIMAL DEWEY
Número de clasificación 720.98503
Cutter S194a
Número de edición 23
100 1# - ENTRADA PRINCIPAL--NOMBRE DE PERSONA
Nombre de persona San Cristóbal-Sebastián, Antonio
Títulos y otros términos asociados al nombre padre
Fechas asociadas al nombre 1923,
Término indicativo de función/relación autor.
245 10 - MENCIÓN DEL TÍTULO
Título Arquitectura virreinal de Lima en la primera mitad del siglo XVII /
Mención de responsabilidad, etc. Antonio San Cristóbal.
250 ## - MENCION DE EDICION
Mención de edición Primera edición.
264 #1 - PRODUCCIÓN, PUBLICACIÓN, DISTRIBUCIÓN, FABRICACIÓN Y COPYRIGHT
Producción, publicación, distribución, fabricación y copyright Lima :
Nombre del de productor, editor, distribuidor, fabricante Universidad Nacional de Ingeniería, Facultad de Arquitectura, Urbanismo y Artes,
Fecha de producción, publicación, distribución, fabricación o copyright 2003.
300 ## - DESCRIPCIÓN FÍSICA
Extensión 4 tomos :
Otras características físicas ilustraciones , fotografías;
Dimensiones 31 centímetros
336 ## - TIPO DE CONTENIDO
Término de tipo de contenido text
Fuente rdacontent
337 ## - TIPO DE MEDIO
Nombre/término del tipo de medio unmediated
Fuente rdamedia
338 ## - TIPO DE SOPORTE
Nombre/término del tipo de soporte volume
Fuente rdacarrier
504 ## - NOTA DE BIBLIOGRAFÍA, ETC.
Nota de bibliografía, etc. Incluye referencias de bibliografía al pie de página.
505 0# - NOTA DE CONTENIDO CON FORMATO
Nota de contenido con formato Tomo 1. Coro, bóvedas y portadas en la iglesia de San Agustín -- Bóvedas de crucería en Lima a principios del siglo XVII -- Algunas bóvedas de crucería en la década de 1620 -- Armaduras mudéjares en Lima durante el siglo XVII -- El carpintero mudéjar Alonso Velázquez.<br/>Tomo 2. La capilla de la inquisición -- La iglesia de monasterio de la santísima trinidad -- La iglesia de nuestra Señora de Monserrate -- Obras en la iglesia del Monasterio de Santa Catalina -- La segunda Iglesia del Monasterio de Santa Clara -- La iglesia del Monasterio de nuestra Señora del Carmen -- La iglesia de nuestra señora del Prado -- La planta de las iglesias limeñas -- Capillas con pinturas murales en Lima -- La re-conversión de la Iglesia de la Merced a principios del siglo XVII <br/>Tomo 3. Reconversión de la iglesia del convento de Santo Domingo -- Capillas y santuarios -- Las cubiertas y la medias naranjas -- Las bóvedas de medio cañón -- Portadas de las pequeñas iglesias -- Las torres conventuales de Lima -- La segunda generación de campanarios--<br/>Tomo 4. Los claustros de los monasterios de las monjas -- El claustro del monasterio de Santa Catalina -- Los claustros de mediado del siglo XVI -- Los claustros de los grandes conventos -- Claustros con alteración de arcos en el segundo cuerpo -- Algunas pila en los claustros limeños -- Grandes aposentos en los monasterios de Lima-.
526 ## - NOTA DE INFORMACIÓN SOBRE EL PROGRAMA DE ESTUDIO
Nombre del programa Maestría Bim Facility Management (A distancia)
526 ## - NOTA DE INFORMACIÓN SOBRE EL PROGRAMA DE ESTUDIO
Nombre del programa
526 ## - NOTA DE INFORMACIÓN SOBRE EL PROGRAMA DE ESTUDIO
Nombre del programa Educación musical y artes
526 ## - NOTA DE INFORMACIÓN SOBRE EL PROGRAMA DE ESTUDIO
Nombre del programa Educación, especialidad educación física
526 ## - NOTA DE INFORMACIÓN SOBRE EL PROGRAMA DE ESTUDIO
Nombre del programa Arquitectura
650 18 - PUNTO DE ACCESO ADICIONAL DE MATERIA--TÉRMINO DE MATERIA
Término de materia o nombre geográfico como elemento de entrada Arquitectura colonial
Subdivisión geográfica Perú.
650 28 - PUNTO DE ACCESO ADICIONAL DE MATERIA--TÉRMINO DE MATERIA
Término de materia o nombre geográfico como elemento de entrada Arquitectura
Subdivisión geográfica Perú
-- Lima
Subdivisión general Historia.
650 28 - PUNTO DE ACCESO ADICIONAL DE MATERIA--TÉRMINO DE MATERIA
Término de materia o nombre geográfico como elemento de entrada Arquitectura
Subdivisión geográfica Perú
-- Lima
Subdivisión cronológica Siglo XVII.
650 28 - PUNTO DE ACCESO ADICIONAL DE MATERIA--TÉRMINO DE MATERIA
Término de materia o nombre geográfico como elemento de entrada Monumentos históricos
Subdivisión geográfica Perú
-- Lima.
650 28 - PUNTO DE ACCESO ADICIONAL DE MATERIA--TÉRMINO DE MATERIA
Término de materia o nombre geográfico como elemento de entrada Arquitectura religiosa
Subdivisión geográfica Perú
-- Lima.
700 1# - ENTRADA AGREGADA--NOMBRE PERSONAL
Nombre de persona Williams León, Carlos
Término indicativo de función/relación prol.
710 ## - ENTRADA AGREGADA--NOMBRE DE ENTIDAD CORPORATIVA
Nombre de entidad corporativa o nombre de jurisdicción como elemento de entrada Universidad Nacional de Ingeniería (Lima). Facultad de Arquitectura, Urbanismo y Artes. Instituto de Investigación
910 ## - DATOS DE OPCIÓN DEL USUARIO (OCLC)
Datos de opción del usuario dbm
910 ## - DATOS DE OPCIÓN DEL USUARIO (OCLC)
Datos de opción del usuario gl
942 ## - ELEMENTOS DE ENTRADA SECUNDARIOS (KOHA)
Fuente del sistema de clasificación o colocación Clasificación Decimal Dewey
Tipo de ítem Koha Libros físicos
949 ## - PROCESAMIENTO DE INFORMACIÓN LOCAL (OCLC)
a 720.98503 S194a
i 64764
l CCODEBUL1
m BUL
t LIBRO
o .STAFF. Colección General
949 ## - PROCESAMIENTO DE INFORMACIÓN LOCAL (OCLC)
a 720.98503 S21 1
i 69857
l CCODEBUL1
m BUL
t LIBRO
o .STAFF. Colección General
949 ## - PROCESAMIENTO DE INFORMACIÓN LOCAL (OCLC)
a 720.98503 S21 2
i 69858
l CCODEBUL1
m BUL
t LIBRO
o .STAFF. Colección General
949 ## - PROCESAMIENTO DE INFORMACIÓN LOCAL (OCLC)
a 720.98503 S21 3
i 69859
l CCODEBUL1
m BUL
t LIBRO
o .STAFF. Colección General
949 ## - PROCESAMIENTO DE INFORMACIÓN LOCAL (OCLC)
a 720.98503 S21 4
i 69860
l CCODEBUL1
m BUL
t LIBRO
o .STAFF. Colección General
980 ## - EQUIVALENCIA O REFERENCIA-CRUZADA-MENCIÓN DE SERIE--NOMBRE DE PERSONA/TÍTULO [LOCAL, CANADÁ]
ID del último usuario que modificó el registro 1
Nombre del último usuario que modificó el registro ALBERTO SANCHEZ Responsable de Automatización
Existencias
Visto por última vez Número de inventario Total de préstamos Signatura topográfica completa Código de barras Fecha del último préstamo Copia número Coste, precio de reemplazo Fecha de reemplazo Facultad Tipo de ítem Koha Nota pública Estado de pérdida Fuente del sistema de clasificación o colocación Especificación de materiales (volumen encuadernado u otra parte) Restricciones de uso No para préstamo Colección Programa académico Biblioteca de origen Biblioteca actual Ubicación en estantería Fecha de adquisición Fuente de adquisición Coste, precio normal de compra
2025-12-03 8 2 720.98503 S194a 64764 2016-05-10 e1 51.00 2015-07-06 FIA Libros físicos inventario-2023-12-13 No Perdido Clasificación Decimal Dewey t1 No restringido Disponible para préstamos Colección General Arquitectura Biblioteca CRAI UPeU Lima Biblioteca CRAI UPeU Lima Sala principal 2015-07-06 COMPRA 46.00
2025-12-03 8 3 720.98503 S194a 69857 2018-08-07 e2 30.00 2015-07-21 FIA Libros físicos inventario-2023-12-13 No Perdido Clasificación Decimal Dewey t1 No restringido Disponible para préstamos Colección General Arquitectura Biblioteca CRAI UPeU Lima Biblioteca CRAI UPeU Lima Sala principal 2015-07-21 COMPRA 25.00
2025-12-03 8 1 720.98503 S194a 69858 2018-04-10 e1 30.00 2015-07-21 FIA Libros físicos inventario-2023-12-13 No Perdido Clasificación Decimal Dewey t2 No restringido Disponible para préstamos Colección General Arquitectura Biblioteca CRAI UPeU Lima Biblioteca CRAI UPeU Lima Sala principal 2015-07-21 COMPRA 25.00
2025-12-03 8   720.98503 S194a 69859   e1 30.00 2015-07-21 FIA Libros físicos inventario-2023-12-13 No Perdido Clasificación Decimal Dewey t3 No restringido Disponible para préstamos Colección General Arquitectura Biblioteca CRAI UPeU Lima Biblioteca CRAI UPeU Lima Sala principal 2015-07-21 COMPRA 25.00
2025-12-03 8   720.98503 S194a 69860   e1 30.00 2015-07-21 FIA Libros físicos inventario-2023-12-13 No Perdido Clasificación Decimal Dewey t4 No restringido Disponible para préstamos Colección General Arquitectura Biblioteca CRAI UPeU Lima Biblioteca CRAI UPeU Lima Sala principal 2015-07-21 COMPRA 25.00
2025-12-03 5   720.98503 S194a 79241   e3 41.98   FIA Libros físicos inventario-2023-12-13 No Perdido Clasificación Decimal Dewey t1 No restringido Disponible para préstamos Colección General Arquitectura Biblioteca CRAI UPeU Lima Biblioteca CRAI UPeU Lima Sala principal 2018-11-14 COMPRA 36.98